00976cam a22002051a 450000100100000000500170001000800410002704000250006810000290009324500480012226000700017030000210024049001160026160000350037760000370041265000620044981001340051195201100064599900150075500000189120200929145739.0820429s1952 sp 000 0 spa c aDO-SdBNPbspacBNPHU2 aVila Selma,dJose.9617210aAndre Gide y Paul Claudel, frente a frente. aMadrid :bConsejo Superior de Investigaciones Cientificas,c1952. a202 p. ;c26 cm.1 aConsejo Superior de Investigaciones Cientificas. Departamento Internacional de Culturas Modernas. Publicaciones10aGide, Andre,d1869-1951.9617310aClaudel, Paul,d1868-1955.96174 0aFrench poetryy20th centuryxHistory and criticism.961751 aSpain.bConsejo Superior de Investigaciones Scientificas.bDepartamento Internacional de Culturas Modernas.tPublicaciones.96176 001052728MOaGRbGRcBDd2009-09-22iLF1l0o p1891-10r2020-06-25w2020-06-25y2ZPréstamo interno c1765d1765